000 00863nam a2200193Ia 4500
003 GCL
008 140319s9999 xx 000 0 ara d
040 _aGCL /
_cGCL
082 0 4 _a389.22
_bك ق
100 1 _aكامل كيلانى
245 1 0 _aقصص من الف ليلة وليلة: بابا عبدالله والدراويش- ابوصيروابوقير-علي بابا-عبدالله البري وعبدالله البحري-الملك عجيب-خسر وشاه-السندباد البحري-علاء الدين-تاجر بغداد-مدينة النحاس /
_cكامل كيلانى
260 _aالقاهرة :
_bدار المعارف ،
_c1991
300 _aمتعدد ؛
_c24سم
490 _aقصص من الف ليلة
_v0
650 0 4 _aالاطفال
650 0 4 _aقصص الاطفال
650 0 4 _aالقصص الشعبية
942 _2ddc
_cBK
999 _c57141
_d57141